LDR 00802naa#a2200193#i#450# 001 EN\FGKOU VO SPBU MVD ROSSII\bibl\116456 005 20260701022909.3 011 ## _a2071-8284 100 ## _a20260630b2026####ek#y0engy0150####ca 101 0# _aRUS 102 ## _aRU 200 1# _aExperience of educational work with convicted Islamists in the penal system of the Federal Republic of Germany _eJournal article 210 1# _aSt. Petersburg _cSAINT-PETERSBURG UNIVERSITY OF THE MINISTRY OF INTERNAL AFFAIRS OF THE RUSSIAN FEDERATION _d2026 215 ## _a9 с. 608 ## _aJournal article _2local 675 ## _aСочетание наказаний с воспитательными мерами. 343.242 _zRUS 700 #1 _aKirillova _gTat'yana Vasil'evna 700 #1 _aVassilyeva _gIrina Vyacheslavovna 856 4# _avestnikspbmvd.ru _u